| 000 | 00722nam a22002417a 4500 | ||
|---|---|---|---|
| 999 |
_c7819 _d7819 |
||
| 001 | 7819 | ||
| 003 | BD-JhCC | ||
| 005 | 20181003165811.0 | ||
| 008 | 180214b1992 bg ||||| |||| 00| 0 ben d | ||
| 020 | _a9840726552 | ||
| 035 | _a(BD-JhCC)7819 | ||
| 040 |
_aBD-JhCC _dBD-JhCC |
||
| 041 | _aben | ||
| 082 |
_a597 _bALI 1992 |
||
| 100 | _aআলী, শাহাদত | ||
| 245 |
_aচিংড়ি : _bবাংলাদেশে চিংড়ি উৎপাদন ও চাষ / _cশাহাদত আলী |
||
| 260 |
_aঢাকা : _bবাংলা একাডেমী, _c1992 |
||
| 300 |
_a98 p. : _c22 cm. |
||
| 650 | _aFisheries | ||
| 650 | _aShrimp Culture | ||
| 942 |
_2ddc _cBK |
||